[Event "Northumbria Masters"]
[Site "Newcastle upon Tyne, ENG"]
[Date "2019.08.24"]
[Round "3.18"]
[White "Mollison, Jamie"]
[Black "Storey, Charles H"]
[Result "0-1"]
[WhiteElo "1929"]
[BlackElo "2261"]
[PlyCount "76"]
[EventDate "2019.08.23"]
[EventRounds "9"]
[EventCountry "ENG"]
[SourceTitle "BritBase"]
[Source "John Saunders"]
[SourceDate "2021.08.31"]
[SourceVersion "1"]
[SourceVersionDate "2021.08.31"]
[SourceQuality "1"]

1. b3 g6 2. Bb2 Nf6 3. Bxf6 exf6 4. c4 d5 5. cxd5 Qxd5 6. Nc3 Qa5 7. a3 c6 8.
g3 Be6 9. Bg2 Nd7 10. b4 Qa6 11. Nf3 Ne5 12. Nd4 Bd7 13. O-O h5 14. b5 Qb6 15.
bxc6 bxc6 16. e3 Rd8 17. Qc2 Be7 18. Rfb1 Qa6 19. Ne4 Qc8 20. Nc5 Bh3 21. Bh1
O-O 22. Rc1 Bxc5 23. Qxc5 Nd3 24. Qxa7 Nxc1 25. Rxc1 Qa8 26. Qc5 Rc8 27. Nxc6
Kg7 28. Rc3 Qa6 29. Bg2 Bxg2 30. Kxg2 Qe2 31. Qd4 Rfe8 32. a4 g5 33. a5 g4 34.
Qd5 Rxc6 35. Rxc6 Re5 36. Qc4 Qf3+ 37. Kg1 Rf5 38. Qc1 Qxf2+ 0-1

[Event "Northumbria Masters"]
[Site "Newcastle upon Tyne, ENG"]
[Date "2019.08.24"]
[Round "3.19"]
[White "Brown, Martin"]
[Black "Gayson, Peter M"]
[Result "1-0"]
[WhiteElo "2265"]
[BlackElo "2069"]
[PlyCount "53"]
[EventDate "2019.08.23"]
[EventRounds "9"]
[EventCountry "ENG"]
[SourceTitle "BritBase"]
[Source "John Saunders"]
[SourceDate "2021.08.31"]
[SourceVersion "1"]
[SourceVersionDate "2021.08.31"]
[SourceQuality "1"]

1. e4 c5 2. Nf3 e6 3. d4 cxd4 4. Nxd4 Nf6 5. Nc3 Nc6 6. Nxc6 bxc6 7. e5 Nd5 8.
Ne4 Qc7 9. f4 Qa5+ 10. Bd2 Qb6 11. Bd3 Ba6 12. Bxa6 Qxa6 13. b3 Qb6 14. Qe2 Be7
15. c4 Nb4 16. Bc3 O-O 17. Rd1 Na6 18. Nf6+ Bxf6 19. exf6 g6 20. h4 d5 21. h5
dxc4 22. hxg6 hxg6 23. Qf3 Qc5 24. g4 Nb4 25. Qh3 Nc2+ 26. Kf1 Ne3+ 27. Ke2 1-0

[Event "Northumbria Masters"]
[Site "Newcastle upon Tyne, ENG"]
[Date "2019.08.24"]
[Round "3.20"]
[White "Van Den Bersselaar, Jeroen"]
[Black "Balaji, Aaravamudhan"]
[Result "0-1"]
[WhiteElo "2188"]
[BlackElo "2043"]
[PlyCount "104"]
[EventDate "2019.08.23"]
[EventRounds "9"]
[EventCountry "ENG"]
[SourceTitle "BritBase"]
[Source "John Saunders"]
[SourceDate "2021.08.31"]
[SourceVersion "1"]
[SourceVersionDate "2021.08.31"]
[SourceQuality "1"]

1. d4 Nf6 2. Nf3 g6 3. Bg5 Bg7 4. Nbd2 O-O 5. c3 d6 6. e4 c6 7. a4 Nbd7 8. Bd3
e5 9. O-O Qc7 10. Nc4 d5 11. Ncd2 dxe4 12. Nxe4 Nxe4 13. Bxe4 f5 14. Bc2 e4 15.
Ne1 h6 16. Bd2 Re8 17. Qc1 Kh7 18. f3 Nf6 19. Bf4 Qe7 20. Be5 Nh5 21. Bxg7 Nxg7
22. fxe4 fxe4 23. Rf4 Bf5 24. g4 Bd7 25. Rxe4 Qh4 26. Nf3 Qh3 27. Ne5 Rxe5 28.
dxe5 Bxg4 29. Qf1 Qh5 30. Bd1 Rf8 31. Qxf8 Bxd1 32. Qf4 Bf3 33. Re3 Bd5 34. c4
g5 35. Qd4 Nf5 36. Qd3 Be6 37. Rf1 g4 38. Re2 Kg7 39. Ref2 Nh4 40. Qd8 Nf3+ 41.
Rxf3 gxf3 42. Qf6+ Kh7 43. Qxf3 Qxe5 44. b3 Qd4+ 45. Rf2 b5 46. axb5 cxb5 47.
Qb7+ Kg6 48. Qc6 Qe3 49. Qe8+ Kg5 50. Qxb5+ Kh4 51. Qc6 a5 52. Kg2 Bh3+ 0-1

[Event "Northumbria Masters"]
[Site "Newcastle upon Tyne, ENG"]
[Date "2019.08.24"]
[Round "3.21"]
[White "Harari, Zaki"]
[Black "Hutchinson, Paul A"]
[Result "0-1"]
[WhiteElo "2042"]
[BlackElo "2177"]
[PlyCount "54"]
[EventDate "2019.08.23"]
[EventRounds "9"]
[EventCountry "ENG"]
[SourceTitle "BritBase"]
[Source "John Saunders"]
[SourceDate "2021.08.31"]
[SourceVersion "1"]
[SourceVersionDate "2021.08.31"]
[SourceQuality "1"]

1. e4 d5 2. exd5 Qxd5 3. Nc3 Qa5 4. Nf3 Nf6 5. d4 Bf5 6. Ne5 c6 7. Bc4 e6 8.
O-O Nbd7 9. Re1 Nxe5 10. Rxe5 Qb4 11. Bb3 O-O-O 12. Ne2 Ng4 13. Rxf5 exf5 14.
h3 Nh6 15. Bg5 Be7 16. Bxh6 gxh6 17. c3 Qd6 18. Bxf7 Rhf8 19. Bh5 Kb8 20. Bf3
Bg5 21. Qc2 Rd7 22. a4 a5 23. Rb1 Bd8 24. b4 Re7 25. bxa5 Bxa5 26. Qb3 b6 27.
g3 f4 {(time)} 0-1

[Event "Northumbria Masters"]
[Site "Newcastle upon Tyne, ENG"]
[Date "2019.08.24"]
[Round "3.22"]
[White "French, Max"]
[Black "Forster, Matthew"]
[Result "1/2-1/2"]
[WhiteElo "2172"]
[BlackElo "1833"]
[PlyCount "177"]
[EventDate "2019.08.23"]
[EventRounds "9"]
[EventCountry "ENG"]
[SourceTitle "BritBase"]
[Source "John Saunders"]
[SourceDate "2021.08.31"]
[SourceVersion "1"]
[SourceVersionDate "2021.08.31"]
[SourceQuality "1"]

1. d4 d5 2. c4 dxc4 3. Nf3 Nf6 4. e3 e6 5. Bxc4 a6 6. O-O c5 7. Be2 Nbd7 8.
Nbd2 b5 9. a4 b4 10. Nb3 Bb7 11. Bd3 Qc7 12. Qe2 Ng4 13. e4 cxd4 14. h3 h5 15.
Bd2 Nde5 16. Nxe5 Nxe5 17. Rfc1 Qd7 18. Nc5 Bxc5 19. Rxc5 Nxd3 20. Qxd3 O-O 21.
Bxb4 f5 22. exf5 Rxf5 23. Rxf5 exf5 24. f3 Bc6 25. Bc5 Rd8 26. Bb6 Rb8 27. a5
Bb5 28. Qxd4 Qxd4+ 29. Bxd4 Rc8 30. Bc3 Re8 31. Rd1 Kf7 32. Rd5 g6 33. Kh2 Re2
34. Rd6 Re6 35. Rd4 Re2 36. h4 Re6 37. Kg3 Re2 38. Rd6 Re6 39. Rd2 Re2 40. Rd4
Ke6 41. Rd8 Kf7 42. Rh8 Be8 43. Bb4 Kg7 44. Bc3+ Kf7 45. Rh7+ Ke6 46. Ra7 Bb5
47. Rg7 Be8 48. Rb7 Kd5 49. Rb6 Re6 50. Rb4 Re2 51. Rd4+ Ke6 52. Rd1 Kf7 53.
Rg1 Ba4 54. Kf4 Bb3 55. g3 Rf2 56. Ke3 Rh2 57. Re1 Rg2 58. Kf4 Rf2 59. Ke3 Rg2
60. Kf4 Rf2 61. Re3 Bd5 62. Rd3 Bc6 63. Bd4 Rf1 64. Bc5 Kg7 65. Re3 Kf6 66.
Be7+ Kf7 67. Bc5 Kf6 68. Bd6 Rd1 69. Be5+ Kf7 70. Kg5 Rd7 71. Rc3 Bd5 72. Rc8
Bxf3 73. Rh8 Rd5 74. Rh7+ Kg8 75. Rh8+ Kf7 76. Rh7+ Kg8 77. Rg7+ Kf8 78. Bc3
Rd6 79. Rh7 Kg8 80. Rh8+ Kf7 81. Rh7+ Ke8 82. Ra7 Bd5 83. Be5 Rc6 84. Ra8+ Kd7
85. Ra7+ Ke8 86. Bf6 Bf7 87. Re7+ Kf8 88. Re3 Be8 89. b3 1/2-1/2

[Event "Northumbria Masters"]
[Site "Newcastle upon Tyne, ENG"]
[Date "2019.08.24"]
[Round "3.23"]
[White "Metcalfe, Charlie P"]
[Black "Milson, Samuel A"]
[Result "1-0"]
[WhiteElo "1739"]
[BlackElo "2103"]
[PlyCount "61"]
[EventDate "2019.08.23"]
[EventRounds "9"]
[EventCountry "ENG"]
[SourceTitle "BritBase"]
[Source "John Saunders"]
[SourceDate "2021.08.31"]
[SourceVersion "1"]
[SourceVersionDate "2021.08.31"]
[SourceQuality "1"]

1. d4 d5 2. Nf3 Nf6 3. c4 c6 4. Nc3 a6 5. c5 Nbd7 6. Bf4 g6 7. h3 Bg7 8. e3 Ne4
9. Nxe4 dxe4 10. Nd2 e5 11. dxe5 Nxc5 12. Rc1 Qe7 13. Qc2 Nd3+ 14. Bxd3 exd3
15. Qc3 Bf5 16. e4 Bd7 17. Nf3 h6 18. O-O g5 19. Bg3 h5 20. Qxd3 g4 21. Bh4 Qe6
22. Ng5 Qg6 23. Rcd1 O-O-O 24. Qb3 Rhf8 25. Rd6 f6 26. Rfd1 Kc7 27. e6 Bc8 28.
Rxd8 fxg5 29. R1d7+ Kb8 30. Rxc8+ Kxc8 31. Qxb7# 1-0

[Event "Northumbria Masters"]
[Site "Newcastle upon Tyne, ENG"]
[Date "2019.08.24"]
[Round "3.24"]
[White "Kanyamarala, Trisha"]
[Black "Jaufarally, Nadia"]
[Result "1/2-1/2"]
[WhiteElo "2238"]
[BlackElo "1934"]
[PlyCount "82"]
[EventDate "2019.08.23"]
[EventRounds "9"]
[EventCountry "ENG"]
[SourceTitle "BritBase"]
[Source "John Saunders"]
[SourceDate "2021.08.31"]
[SourceVersion "1"]
[SourceVersionDate "2021.08.31"]
[SourceQuality "1"]

1. d4 Nf6 2. c4 g6 3. Nc3 Bg7 4. e4 d6 5. Nf3 O-O 6. Be2 e5 7. O-O Nc6 8. d5
Ne7 9. b4 a5 10. Ba3 b6 11. bxa5 Rxa5 12. Bb4 Ra8 13. a4 Ne8 14. a5 bxa5 15.
Bxa5 Bh6 16. c5 f5 17. cxd6 Nxd6 18. Nxe5 fxe4 19. Qb3 Bg7 20. Nc4 Nef5 21.
Nxd6 Nxd6 22. Ra3 Kh8 23. Qc2 Qe7 24. Nb1 Bb7 25. Qxc7 Qxc7 26. Bxc7 Nf5 27.
Rxa8 Rxa8 28. d6 Be5 29. Rd1 Nd4 30. Bc4 Ra1 31. Bb6 Bc6 32. Bf1 Nf5 33. Bc5
Ba4 34. d7 Bxd7 35. Rxd7 Rxb1 36. g3 Rc1 37. Ba7 Rc7 38. Rd8+ Kg7 39. Bb6 Rb7
40. Bc5 Rc7 41. Bb6 Rb7 1/2-1/2

[Event "Northumbria Masters"]
[Site "Newcastle upon Tyne, ENG"]
[Date "2019.08.24"]
[Round "3.25"]
[White "Shaw, Peter"]
[Black "Holland, Christopher"]
[Result "1-0"]
[WhiteElo "2076"]
[BlackElo "2143"]
[PlyCount "87"]
[EventDate "2019.08.23"]
[EventRounds "9"]
[EventCountry "ENG"]
[SourceTitle "BritBase"]
[Source "John Saunders"]
[SourceDate "2021.08.31"]
[SourceVersion "1"]
[SourceVersionDate "2021.08.31"]
[SourceQuality "1"]

1. d4 Nf6 2. c4 g6 3. Nc3 Bg7 4. e4 O-O 5. Nf3 d6 6. Be2 Nbd7 7. Be3 e5 8. d5
Ng4 9. Bg5 f6 10. Bh4 Nh6 11. Nd2 a5 12. f3 Nc5 13. O-O Bd7 14. b3 Qe8 15. a3
f5 16. b4 axb4 17. axb4 Na4 18. Qb3 fxe4 19. fxe4 Rxf1+ 20. Nxf1 Nxc3 21. Qxc3
Ng4 22. c5 Rxa1 23. Qxa1 Nf6 24. Bf3 Qc8 25. Qa5 Ne8 26. Bg5 Bf6 27. Be3 Bd8
28. Nd2 c6 29. Qa7 cxd5 30. exd5 Nf6 31. Nc4 Bc7 32. cxd6 Bb8 33. Qc5 e4 34.
Bd1 Qxc5 35. bxc5 Nxd5 36. Bb3 Nxe3 37. Nb6+ Kg7 38. Nxd7 Ba7 39. h3 Nf5 40.
Kf1 Nd4 41. Bd5 e3 42. Bxb7 Kf7 43. c6 Ke6 44. c7 1-0

[Event "Northumbria Masters"]
[Site "Newcastle upon Tyne, ENG"]
[Date "2019.08.24"]
[Round "3.26"]
[White "Guha, Chirag"]
[Black "Brett, Andrew R"]
[Result "1-0"]
[WhiteElo "1876"]
[BlackElo "2118"]
[PlyCount "47"]
[EventDate "2019.08.23"]
[EventRounds "9"]
[EventCountry "ENG"]
[SourceTitle "BritBase"]
[Source "John Saunders"]
[SourceDate "2021.08.31"]
[SourceVersion "1"]
[SourceVersionDate "2021.08.31"]
[SourceQuality "1"]

1. d4 Nf6 2. c4 e6 3. Nf3 d5 4. e3 Be7 5. b3 O-O 6. Bb2 b6 7. cxd5 exd5 8. Bd3
Ne4 9. Qc2 Bb7 10. Nc3 f5 11. O-O Nd7 12. Ne2 Bd6 13. Ne5 Qe7 14. f3 Nxe5 15.
dxe5 Bxe5 16. Bxe5 Qxe5 17. fxe4 fxe4 18. Bb5 c6 19. Bxc6 Rfc8 20. Nd4 Qd6 21.
Rac1 Bxc6 22. Nxc6 Rc7 23. b4 b5 24. Qc5 1-0

[Event "Northumbria Masters"]
[Site "Newcastle upon Tyne, ENG"]
[Date "2019.08.25"]
[Round "4.1"]
[White "Donchenko, Alexander"]
[Black "Tan, Justin"]
[Result "1/2-1/2"]
[WhiteElo "2618"]
[BlackElo "2503"]
[PlyCount "68"]
[EventDate "2019.08.23"]
[EventRounds "9"]
[EventCountry "ENG"]
[SourceTitle "BritBase"]
[Source "John Saunders"]
[SourceDate "2021.08.31"]
[SourceVersion "1"]
[SourceVersionDate "2021.08.31"]
[SourceQuality "1"]

1. d4 Nf6 2. Nf3 d5 3. Bf4 e6 4. e3 c5 5. Nbd2 Bd6 6. dxc5 Bxc5 7. c4 O-O 8. a3
b6 9. Bd3 Bb7 10. O-O Nbd7 11. Qe2 Be7 12. h3 Nc5 13. Bc2 Rc8 14. Rfd1 Qe8 15.
b4 Na4 16. Be5 dxc4 17. Nxc4 Qb5 18. Bd3 Bxf3 19. gxf3 Nd7 20. f4 Nxe5 21. Nxe5
Qe8 22. Rac1 Nc3 23. Bxh7+ Kxh7 24. Qd3+ f5 25. Rxc3 Qh5 26. Rxc8 Rxc8 27. Rf1
Rd8 28. Qc4 Qxh3 29. Rc1 Bf6 30. Qxe6 Bxe5 31. fxe5 Qg4+ 32. Kh2 Rd2 33. Rf1
Qh4+ 34. Kg2 Qg4+ 1/2-1/2

[Event "Northumbria Masters"]
[Site "Newcastle upon Tyne, ENG"]
[Date "2019.08.25"]
[Round "4.2"]
[White "Raetsky, Alexander"]
[Black "Pruijssers, Roeland"]
[Result "0-1"]
[WhiteElo "2404"]
[BlackElo "2534"]
[PlyCount "88"]
[EventDate "2019.08.23"]
[EventRounds "9"]
[EventCountry "ENG"]
[SourceTitle "BritBase"]
[Source "John Saunders"]
[SourceDate "2021.08.31"]
[SourceVersion "1"]
[SourceVersionDate "2021.08.31"]
[SourceQuality "1"]

1. Nf3 f5 2. d3 Nc6 3. d4 e6 4. c4 Nf6 5. g3 d6 6. Bg2 Qe7 7. Nc3 g6 8. O-O Bg7
9. Bg5 h6 10. Bxf6 Qxf6 11. e3 O-O 12. Rb1 e5 13. d5 Nd8 14. b4 Nf7 15. c5 g5
16. Nb5 Qd8 17. cxd6 Nxd6 18. Nxd6 cxd6 19. Nd2 Bd7 20. a4 Rc8 21. Qb3 Qc7 22.
Rfd1 Qc2 23. b5 e4 24. Bf1 f4 25. Nc4 Qxb3 26. Rxb3 Rf6 27. Rbb1 Rc5 28. Na5 b6
29. Nc6 Rf7 30. Rdc1 fxe3 31. fxe3 Bc3 32. Rb3 Bd2 33. Rd1 Rxd5 34. Be2 Bh3 35.
Nd4 Rc5 36. Bf1 Rxf1+ 37. Rxf1 Bxf1 38. Kxf1 Rc4 39. Ke2 Bb4 40. Nc6 Bc5 41. a5
bxa5 42. Nxa5 Rc2+ 43. Kd1 Rxh2 44. Nc6 Kf7 0-1

[Event "Northumbria Masters"]
[Site "Newcastle upon Tyne, ENG"]
[Date "2019.08.25"]
[Round "4.3"]
[White "Mannion, Stephen R"]
[Black "Gormally, Daniel W"]
[Result "1/2-1/2"]
[WhiteElo "2280"]
[BlackElo "2495"]
[PlyCount "47"]
[EventDate "2019.08.23"]
[EventRounds "9"]
[EventCountry "ENG"]
[SourceTitle "BritBase"]
[Source "John Saunders"]
[SourceDate "2021.08.31"]
[SourceVersion "1"]
[SourceVersionDate "2021.08.31"]
[SourceQuality "1"]

1. e4 e5 2. Nf3 Nf6 3. Nxe5 d6 4. Nf3 Nxe4 5. Nc3 Nxc3 6. dxc3 Be7 7. Be3 O-O
8. Qd2 c5 9. O-O-O Be6 10. c4 b5 11. Bg5 f6 12. Bf4 bxc4 13. Bxd6 Bxd6 14. Qxd6
Qb6 15. c3 Bf7 16. Qf4 Nc6 17. Bxc4 Na5 18. Bxf7+ Rxf7 19. Rhe1 Rb8 20. Rd2 Qb5
21. Rc2 Rd8 22. Rd2 Rb8 23. Rc2 Rd8 24. Rd2 1/2-1/2

[Event "Northumbria Masters"]
[Site "Newcastle upon Tyne, ENG"]
[Date "2019.08.25"]
[Round "4.4"]
[White "Gogia, Armaan"]
[Black "Maksimenko, Andrei"]
[Result "0-1"]
[WhiteElo "1754"]
[BlackElo "2468"]
[PlyCount "70"]
[EventDate "2019.08.23"]
[EventRounds "9"]
[EventCountry "ENG"]
[SourceTitle "BritBase"]
[Source "John Saunders"]
[SourceDate "2021.08.31"]
[SourceVersion "1"]
[SourceVersionDate "2021.08.31"]
[SourceQuality "1"]

1. e4 g6 2. d4 Bg7 3. Nf3 d6 4. c4 Bg4 5. Be2 Nc6 6. Be3 e5 7. d5 Bxf3 8. Bxf3
Nd4 9. Nd2 Ne7 10. O-O O-O 11. b4 a5 12. a3 axb4 13. axb4 Qd7 14. Nb3 Rxa1 15.
Nxa1 Nxf3+ 16. Qxf3 Qa4 17. Bd2 f5 18. Rc1 Qa2 19. Nb3 fxe4 20. Qc3 Qa8 21. Qc2
b5 22. Ra1 Qe8 23. Be3 Qf7 24. Ra5 bxc4 25. Qxc4 c6 26. Qxe4 cxd5 27. Qc2 d4
28. Bg5 Rc8 29. Qb2 Nc6 30. Qc2 d3 31. Qxd3 Nxa5 32. bxa5 Qc4 33. Qh3 Rb8 34.
Nc1 h6 35. Bxh6 Rb1 0-1

[Event "Northumbria Masters"]
[Site "Newcastle upon Tyne, ENG"]
[Date "2019.08.25"]
[Round "4.5"]
[White "Adair, James R"]
[Black "Han, Yichen"]
[Result "1-0"]
[WhiteElo "2473"]
[BlackElo "2205"]
[PlyCount "63"]
[EventDate "2019.08.23"]
[EventRounds "9"]
[EventCountry "ENG"]
[SourceTitle "BritBase"]
[Source "John Saunders"]
[SourceDate "2021.08.31"]
[SourceVersion "1"]
[SourceVersionDate "2021.08.31"]
[SourceQuality "1"]

1. d4 Nf6 2. c4 g6 3. Nc3 Bg7 4. e4 d6 5. h3 O-O 6. Be3 c5 7. Nf3 cxd4 8. Nxd4
b6 9. Qd2 Bb7 10. f3 Nbd7 11. Bh6 Rc8 12. O-O-O Bxh6 13. Qxh6 a6 14. h4 Ne5 15.
h5 Qd7 16. g4 e6 17. Bh3 Kh8 18. hxg6 fxg6 19. Nxe6 Qxe6 20. g5 Qf7 21. gxf6
Rc7 22. Rxd6 Bc8 23. Bxc8 Rcxc8 24. Rhd1 Rxc4 25. Rd7 Nxd7 26. Rxd7 Kg8 27.
Rxf7 Rxf7 28. e5 b5 29. Qd2 h5 30. Qh6 b4 31. Qxg6+ Kf8 32. e6 1-0

[Event "Northumbria Masters"]
[Site "Newcastle upon Tyne, ENG"]
[Date "2019.08.25"]
[Round "4.6"]
[White "Merry, Alan B"]
[Black "Ratnesan, Ranesh"]
[Result "1-0"]
[WhiteElo "2427"]
[BlackElo "2098"]
[PlyCount "59"]
[EventDate "2019.08.23"]
[EventRounds "9"]
[EventCountry "ENG"]
[SourceTitle "BritBase"]
[Source "John Saunders"]
[SourceDate "2021.08.31"]
[SourceVersion "1"]
[SourceVersionDate "2021.08.31"]
[SourceQuality "1"]

1. c4 e5 2. Nc3 Nf6 3. Nf3 Nc6 4. e3 Bb4 5. Qc2 O-O 6. Nd5 Bc5 7. a3 a5 8. b3
Re8 9. Bb2 Bf8 10. Be2 d6 11. O-O Be6 12. Ng5 Bxd5 13. cxd5 Nb8 14. f4 g6 15.
fxe5 dxe5 16. Bb5 c6 17. dxc6 bxc6 18. Bc4 Ra7 19. Nxf7 Rxf7 20. Rxf6 Qxf6 21.
Rf1 Qxf1+ 22. Bxf1 Kh8 23. Bc4 Ra7 24. Qe4 Bg7 25. h4 c5 26. Bc3 Nd7 27. Qd5
Rd8 28. Qd6 Bf6 29. Bb5 Kg7 30. g3 1-0

[Event "Northumbria Masters"]
[Site "Newcastle upon Tyne, ENG"]
[Date "2019.08.25"]
[Round "4.7"]
[White "Mosnegutu, Klauss"]
[Black "Siddharth, Jagadeesh"]
[Result "0-1"]
[WhiteElo "2230"]
[BlackElo "2382"]
[PlyCount "84"]
[EventDate "2019.08.23"]
[EventRounds "9"]
[EventCountry "ENG"]
[SourceTitle "BritBase"]
[Source "John Saunders"]
[SourceDate "2021.08.31"]
[SourceVersion "1"]
[SourceVersionDate "2021.08.31"]
[SourceQuality "1"]

1. d4 Nf6 2. c4 e6 3. f3 Bb4+ 4. Nd2 c5 5. a3 Bxd2+ 6. Qxd2 cxd4 7. Qxd4 d5 8.
cxd5 Nc6 9. Qc3 exd5 10. Bg5 d4 11. Qc5 h6 12. Bd2 Qd5 13. Rc1 Qb3 14. e4 Be6
15. Bb5 Nd7 16. Bxc6 bxc6 17. Qxd4 O-O 18. Rxc6 Qb5 19. Bc3 Nf6 20. Rd6 Qg5 21.
Ne2 Ne8 22. h4 Qe7 23. Rc6 Qb7 24. Rc5 Qe7 25. Ra5 Nf6 26. Nf4 Rfd8 27. Qe5 Qd7
28. Kf2 Bc4 29. Rc5 Qa4 30. Rc1 Bb3 31. Qf5 Ne8 32. Nh5 Qa6 33. Nxg7 Nxg7 34.
Bxg7 Kxg7 35. Rc6 Qd3 36. Qf6+ Kg8 37. R1c3 Qd2+ 38. Kg3 Ba4 39. R6c4 Bb5 40.
Rc5 Rd6 41. Rc8+ Be8 42. Qf5 Rxc8 0-1

[Event "Northumbria Masters"]
[Site "Newcastle upon Tyne, ENG"]
[Date "2019.08.25"]
[Round "4.8"]
[White "Gourlay, Iain"]
[Black "Burrows, Martin P"]
[Result "1-0"]
[WhiteElo "2345"]
[BlackElo "2121"]
[PlyCount "95"]
[EventDate "2019.08.23"]
[EventRounds "9"]
[EventCountry "ENG"]
[SourceTitle "BritBase"]
[Source "John Saunders"]
[SourceDate "2021.08.31"]
[SourceVersion "1"]
[SourceVersionDate "2021.08.31"]
[SourceQuality "1"]

1. Nf3 Nf6 2. c4 e6 3. g3 d5 4. Bg2 Be7 5. O-O O-O 6. b3 b6 7. Bb2 c5 8. e3 Nc6
9. Nc3 Ba6 10. Qe2 Rc8 11. d3 Qd7 12. Rfd1 Rfd8 13. Rac1 Qe8 14. Rd2 Rc7 15.
Ne1 Rcd7 16. Qd1 Bb7 17. cxd5 Nxd5 18. Nxd5 exd5 19. Nf3 Ba6 20. a3 Rc7 21. b4
Qd7 22. bxc5 bxc5 23. Qa4 Nb8 24. Qa5 Rb7 25. Be5 Rb6 26. Ba1 Nc6 27. Qa4 Qf5
28. e4 dxe4 29. dxe4 Qc8 30. Rxd8+ Qxd8 31. e5 h6 32. Rd1 Qc8 33. Nd2 Qe6 34.
Qe4 c4 35. Rc1 Bxa3 36. Rc2 Bc5 37. Bf1 Rb4 38. Bc3 Ra4 39. Be2 Bb5 40. Bg4 Qe7
41. e6 fxe6 42. Bxe6+ Kh8 43. Rb2 a6 44. Rxb5 axb5 45. Qxc6 Qf8 46. Ne4 Bb4 47.
Qxb5 Bxc3 48. Qxa4 1-0

[Event "Northumbria Masters"]
[Site "Newcastle upon Tyne, ENG"]
[Date "2019.08.25"]
[Round "4.9"]
[White "Kanyamarala, Tarun"]
[Black "Fitzsimons, David"]
[Result "1-0"]
[WhiteElo "2142"]
[BlackElo "2317"]
[PlyCount "121"]
[EventDate "2019.08.23"]
[EventRounds "9"]
[EventCountry "ENG"]
[SourceTitle "BritBase"]
[Source "John Saunders"]
[SourceDate "2021.08.31"]
[SourceVersion "1"]
[SourceVersionDate "2021.08.31"]
[SourceQuality "1"]

1. d4 Nf6 2. c4 g6 3. Nc3 Bg7 4. e4 d6 5. Nf3 O-O 6. Be2 e5 7. O-O Qe8 8. d5
Nfd7 9. Qc2 a5 10. Nb5 Qd8 11. Bg5 f6 12. Be3 f5 13. exf5 gxf5 14. Ng5 Nc5 15.
f4 exf4 16. Bxf4 Nba6 17. Rae1 Qf6 18. b3 Bd7 19. a3 h6 20. Nf3 Rae8 21. Bd2 a4
22. b4 Ne4 23. Bc1 c6 24. dxc6 bxc6 25. Qxa4 Ra8 26. Nbd4 Nxb4 27. Qxb4 Rfb8
28. Nb5 cxb5 29. cxb5 d5 30. Qb3 Qd6 31. g3 Kh7 32. Nh4 Bc3 33. Rd1 Nxg3 34.
hxg3 Qxg3+ 35. Ng2 Bd4+ 36. Be3 Rxb5 37. Qd3 Rg8 38. Bf3 Rb2 39. Rd2 Rxd2 40.
Qxd2 Be5 41. Qxd5 Rg7 42. Rd1 Ba4 43. Rf1 Bc2 44. Bd4 Qh2+ 45. Kf2 Bg3+ 46. Ke2
Re7+ 47. Kd2 Rc7 48. Bc3 Bf4+ 49. Kxc2 Be5 50. Kd1 Rxc3 51. Qf7+ Bg7 52. Qxf5+
Kh8 53. Be4 Qd6+ 54. Ke2 Qa6+ 55. Bd3 Rc2+ 56. Kd1 Rc1+ 57. Kxc1 Qxa3+ 58. Kd1
Qa1+ 59. Ke2 Qa2+ 60. Kf3 Qa8+ 61. Be4 1-0

[Event "Northumbria Masters"]
[Site "Newcastle upon Tyne, ENG"]
[Date "2019.08.25"]
[Round "4.10"]
[White "Welling, Gerard"]
[Black "Chipanga, Takaedza"]
[Result "1-0"]
[WhiteElo "2307"]
[BlackElo "2029"]
[PlyCount "67"]
[EventDate "2019.08.23"]
[EventRounds "9"]
[EventCountry "ENG"]
[SourceTitle "BritBase"]
[Source "John Saunders"]
[SourceDate "2021.08.31"]
[SourceVersion "1"]
[SourceVersionDate "2021.08.31"]
[SourceQuality "1"]

1. e4 c5 2. d3 Nc6 3. g3 e6 4. Bg2 d5 5. Nd2 Nge7 6. Nh3 g6 7. O-O Bg7 8. f4 b6
9. e5 Bb7 10. Nf3 Qd7 11. c3 O-O-O 12. a3 d4 13. c4 Nf5 14. Re1 Kb8 15. Nf2 h5
16. Rb1 Bf8 17. Ne4 Be7 18. Bd2 h4 19. g4 h3 20. Bh1 Nh4 21. Nxh4 Rxh4 22. b4
cxb4 23. axb4 Rg8 24. b5 Nd8 25. g5 Rgh8 26. Ra1 R8h5 27. Ra2 Ba8 28. Qe2 a5
29. bxa6 Ka7 30. Rb1 Nc6 31. Rab2 Bd8 32. c5 b5 33. Rxb5 Bc7 34. Nf6 1-0

[Event "Northumbria Masters"]
[Site "Newcastle upon Tyne, ENG"]
[Date "2019.08.25"]
[Round "4.11"]
[White "Munshi, Aditya"]
[Black "Brown, Martin"]
[Result "1-0"]
[WhiteElo "2091"]
[BlackElo "2265"]
[PlyCount "65"]
[EventDate "2019.08.23"]
[EventRounds "9"]
[EventCountry "ENG"]
[SourceTitle "BritBase"]
[Source "John Saunders"]
[SourceDate "2021.08.31"]
[SourceVersion "1"]
[SourceVersionDate "2021.08.31"]
[SourceQuality "1"]

1. e4 e6 2. d4 d5 3. Nd2 a6 4. Ngf3 Nf6 5. e5 Nfd7 6. Bd3 c5 7. c3 Nc6 8. O-O
g5 9. dxc5 Bxc5 10. Nb3 Be7 11. Qe2 h5 12. Bc2 g4 13. Nfd4 Ndxe5 14. f4 Nxd4
15. Nxd4 Nc6 16. f5 Nxd4 17. cxd4 Qb6 18. Bf4 Qxd4+ 19. Kh1 Bf6 20. Rad1 Qxb2
21. Rxd5 Kf8 22. fxe6 Bxe6 23. Bd6+ Kg8 24. Rd2 Qc3 25. Rd3 Qb2 26. Ba3 Qe5 27.
Re3 Qg5 28. Rxe6 fxe6 29. Qxe6+ Kg7 30. Qd7+ Kh6 31. Bc1 Qxc1 32. Rxc1 Rac8 33.
Qf5 1-0

[Event "Northumbria Masters"]
[Site "Newcastle upon Tyne, ENG"]
[Date "2019.08.25"]
[Round "4.12"]
[White "Storey, Charles H"]
[Black "Eggleston, Thomas A"]
[Result "1-0"]
[WhiteElo "2261"]
[BlackElo "2170"]
[PlyCount "76"]
[EventDate "2019.08.23"]
[EventRounds "9"]
[EventCountry "ENG"]
[SourceTitle "BritBase"]
[Source "John Saunders"]
[SourceDate "2021.08.31"]
[SourceVersion "1"]
[SourceVersionDate "2021.08.31"]
[SourceQuality "1"]

1. d4 e6 2. Nf3 f5 3. Bf4 Nf6 4. h3 c5 5. c3 Nc6 6. e3 d5 7. Nbd2 Bd6 8. Bb5
O-O 9. O-O Ne7 10. Bxd6 Qxd6 11. Bd3 Ng6 12. c4 cxd4 13. exd4 b6 14. cxd5 exd5
15. Qb3 Kh8 16. Rfc1 Ne4 17. Qa3 Qf4 18. Nf1 Bb7 19. Rc2 a5 20. Rac1 Rac8 21.
Rxc8 Rxc8 22. Rxc8+ Bxc8 23. Ne3 Be6 24. Qa4 Nh4 25. Qe8+ Bg8 26. Bxe4 fxe4 27.
Nxh4 Qxh4 28. Nxd5 Qg5 29. Ne3 h6 30. a3 Qf4 31. Qc6 Kh7 32. Qxb6 a4 33. d5 Qe5
34. Qb4 Qe8 35. Qd4 Bf7 36. Nf5 Qf8 37. Qxe4 Bg6 38. g4 Bxf5 1-0